000
00309nam a22001337a 4500
008
170630b xxu||||| |||| 00| 0 eng d
020
_a
9780321366290
041
_a
eng
080
_2
3 ED
_a
82
100
_a
22
101
_a
GJL
245
_a
LTERATURE A POCKET ATHMOLOGY
_c
GWYN.R.S
942
_2
udc
_c
BK
999
_c
19807
_d
19807